I wish I could fly/ (Record no. 104820)
[ view plain ]
| 000 -LEADER | |
|---|---|
| fixed length control field | 00489nam a2200193 a 4500 |
| 005 - DATE AND TIME OF LATEST TRANSACTION | |
| control field | 20160407123708.0 |
| 008 - FIXED-LENGTH DATA ELEMENTS--GENERAL INFORMATION | |
| fixed length control field | 021209s19uu xx 00 eng d |
| 020 ## - INTERNATIONAL STANDARD BOOK NUMBER | |
| International Standard Book Number | 0-590-42996-5 |
| 050 ## - LIBRARY OF CONGRESS CALL NUMBER | |
| Classification number | TR(PS E |
| Item number | Iw9 |
| 100 ## - MAIN ENTRY--PERSONAL NAME | |
| Personal name | Maris, Ron |
| 245 ## - TITLE STATEMENT | |
| Title | I wish I could fly/ |
| Statement of responsibility, etc | by Ron Maris |
| 260 ## - PUBLICATION, DISTRIBUTION, ETC. (IMPRINT) | |
| Place of publication, distribution, etc | New York : |
| Name of publisher, distributor, etc | Scholastic, Inc., |
| Date of publication, distribution, etc | 1986 |
| 300 ## - PHYSICAL DESCRIPTION | |
| Extent | 1 v. (unp.) ; ill. |
| 650 ## - SUBJECT ADDED ENTRY--TOPICAL TERM | |
| Topical term or geographic name as entry element | Turtle--Fiction |
| 650 ## - SUBJECT ADDED ENTRY--TOPICAL TERM | |
| Topical term or geographic name as entry element | Games--Fiction |
| 942 ## - ADDED ENTRY ELEMENTS (KOHA) | |
| Source of classification or shelving scheme | Dewey Decimal Classification |
| Withdrawn status | Lost status | Damaged status | Use restrictions | Home library | Current library | Shelving location | Date acquired | Source of acquisition | Total Checkouts | Full call number | Barcode | Date last seen | Price effective from | Koha item type | Source of classification or shelving scheme |
|---|---|---|---|---|---|---|---|---|---|---|---|---|---|---|---|
| Elizalde Library | Elizalde Library | Teachers Reference Section | 12/09/2002 | TR(PS E Ty95 1976 | E8731 | 04/12/2014 | 04/12/2014 | Books | |||||||
| Elizalde Library | Elizalde Library | Teachers Reference Section | 12/09/2002 | Donation | TR(PS E Iw9 1986 | E8820 | 04/12/2014 | 04/12/2014 | Books | Dewey Decimal Classification |